Social movements in India. Vol 1. Peasant and Backward classes movements. (Record no. 212703)

MARC details
000 -LEADER
fixed length control field 00434nam a2200157Ia 4500
008 - FIXED-LENGTH DATA ELEMENTS--GENERAL INFORMATION
fixed length control field 210719s1978 xx 000 0 und d
041 ## - LANGUAGE CODE
Language code of text/sound track or separate title eng
082 ## - DEWEY DECIMAL CLASSIFICATION NUMBER
Classification number 303.484 RAOS
100 ## - MAIN ENTRY--PERSONAL NAME
Personal name RAO (M S A)
245 ## - TITLE STATEMENT
Title Social movements in India. Vol 1. Peasant and Backward classes movements.
260 ## - PUBLICATION, DISTRIBUTION, ETC.
Place of publication, distribution, etc. New Delhi.
Name of publisher, distributor, etc. Manohar Publications.,
Date of publication, distribution, etc. 1978
300 ## - PHYSICAL DESCRIPTION
Extent xxiv,250
Other physical details HB
365 ## - TRADE PRICE
Price amount 65
Currency code Rs
440 ## - SERIES STATEMENT/ADDED ENTRY--TITLE
Volume/sequential designation 1
650 ## - SUBJECT ADDED ENTRY--TOPICAL TERM
Topical term or geographic name entry element Social Change
Holdings
Withdrawn status Lost status Damaged status Not for loan Collection code Home library Current library Date acquired Cost, normal purchase price Total Checkouts Full call number Barcode Date last seen Price effective from Koha item type
          St Aloysius Library St Aloysius Library 05/08/1996 65.00   303.484 RAOS D00803 07/19/2021 07/19/2021 Donated Books